<A> Tribute to Arvi Leponiemi on His 60th Birthaday

Guardado en:
Detalles Bibliográficos
Formato: Libro
Lenguaje:finés
Publicado: Helsinki School of Economics 1986
Edición:1. ed.
Etiquetas: Agregar Etiqueta
Sin Etiquetas, Sea el primero en etiquetar este registro!

MARC

LEADER 00000nam a2200000 4500
001 c028220
005 20240801084557.9
041 0 |a fin 
044 |a FI 
245 1 0 |a <A> Tribute to Arvi Leponiemi on His 60th Birthaday  |c Edit. Juha Kähkönen, Jouko Ylä-Liedenponja 
250 |a 1. ed. 
264 1 |a Helsinki  |b School of Economics  |c 1986 
300 |a 148 s.